| 000 | 01772nam a2200325Ia 4500 | ||
|---|---|---|---|
| 999 |
_c41579 _d41579 |
||
| 001 | 8247 | ||
| 003 | GE_BSU | ||
| 005 | 20240412112410.0 | ||
| 008 | 181216s2010||||geo|||||||||||||| ||geo|| | ||
| 020 | _a9789941170041 | ||
| 040 | _cGE_BSU | ||
| 041 | _ageo | ||
| 080 | _a581.524+591.524+577.1+574.24:581.1+574.4:581.19 ა–48 | ||
| 100 |
_aალექსიძე, ნუგზარ _92610 |
||
| 245 |
_aეკოლოგიური ბიოქიმიის საფუძვლები / _cნუგზარ ალექსიძე, გიორგი ალექსიძე ; [რედ. : ი. ელიავა, შ. სამსონია]. |
||
| 250 | _a(მე-2 გადამუშ. გამოც.) | ||
| 264 |
_aთბილისი : _bუნივერსალი, _c2010. |
||
| 300 |
_a442 გვ. : _bსურ., ცხრ. ; _c25 სმ. |
||
| 500 | _aსაგნ. საძიებელი : გვ. 427-436 | ||
| 504 | _aბიბლიოგრაფია : გვ. 413-424 | ||
| 541 | _h22ლ. | ||
| 653 | _aეკოლოგიური ბიოქიმიის საფუძვლები | ||
| 653 | _aცენარეთა ადაპტაცია გარემოსადმი | ||
| 653 | _aცხოველთა ადაპტაცია გარემოსადმი | ||
| 653 | _aცოცხალ ორგანიზმებს შორის ეკოლოგიური ურთიერთობა | ||
| 700 |
_aალექსიძე, გიორგი _eავტორი _921779 |
||
| 700 |
_aელიავა, ი. _eრედაქტორი _92643 |
||
| 700 |
_aსამსონია, შ. _eრედაქტორი _91091 |
||
| 942 |
_cBK _2udc |
||